Sharia in Africa today : (Record no. 6597)
[ view plain ]
| 000 -LEADER | |
|---|---|
| fixed length control field | 02903cam a2200385Mi 4500 |
| 001 - CONTROL NUMBER | |
| control field | ocn940892521 |
| 003 - CONTROL NUMBER IDENTIFIER | |
| control field | OCoLC |
| 005 - DATE AND TIME OF LATEST TRANSACTION | |
| control field | 20220322193359.0 |
| 008 - FIXED-LENGTH DATA ELEMENTS--GENERAL INFORMATION | |
| fixed length control field | 131113s2013 ne ab b 001 0 eng d |
| 010 ## - LIBRARY OF CONGRESS CONTROL NUMBER | |
| LC control number | 2013033032 |
| 016 7# - NATIONAL BIBLIOGRAPHIC AGENCY CONTROL NUMBER | |
| Record control number | 016542512 |
| Source | Uk |
| 020 ## - INTERNATIONAL STANDARD BOOK NUMBER | |
| International Standard Book Number | 9789004250543 |
| Qualifying information | (hardback ; |
| -- | alk. paper) |
| 020 ## - INTERNATIONAL STANDARD BOOK NUMBER | |
| International Standard Book Number | 9004250549 |
| Qualifying information | (hardback ; |
| -- | alk. paper) |
| 020 ## - INTERNATIONAL STANDARD BOOK NUMBER | |
| International Standard Book Number | 9789004262126 |
| Qualifying information | (e-book ; |
| -- | alk. paper) |
| 020 ## - INTERNATIONAL STANDARD BOOK NUMBER | |
| International Standard Book Number | 9004262121 |
| Qualifying information | (e-book ; |
| -- | alk. paper) |
| 035 ## - SYSTEM CONTROL NUMBER | |
| System control number | (OCoLC)940892521 |
| 040 ## - CATALOGING SOURCE | |
| Original cataloging agency | S3O |
| Language of cataloging | eng |
| Description conventions | rda |
| Transcribing agency | S3O |
| Modifying agency | OCLCO |
| -- | OCLCQ |
| -- | OCLCF |
| -- | OCLCQ |
| 043 ## - GEOGRAPHIC AREA CODE | |
| Geographic area code | f------ |
| 049 ## - LOCAL HOLDINGS (OCLC) | |
| Holding library | TZAA |
| 050 00 - LIBRARY OF CONGRESS CALL NUMBER | |
| Classification number | KBP64 |
| Item number | .S43 2014 |
| 245 00 - TITLE STATEMENT | |
| Title | Sharia in Africa today : |
| Remainder of title | reactions and responses / |
| Statement of responsibility, etc | edited by John Chesworth & Franz Kogelmann. |
| 300 ## - PHYSICAL DESCRIPTION | |
| Extent | 281 pages |
| 504 ## - BIBLIOGRAPHY, ETC. NOTE | |
| Bibliography, etc | Includes bibliographical references and index. |
| 505 0# - FORMATTED CONTENTS NOTE | |
| Formatted contents note | "Sharia and reality": a domain of dontest among Sunni Muslims in the District of Shendi, Northern Sudan / Osman Mohamed Osman Ali -- Contradicting state ideology in Sudan: Christian-Muslim relations among the internally displaced persons in Khartoum-The Case of Mandela and Wad al-Bashir Camps / Salma Mohamed Abdalmunim Abdalla -- Debates over interest rate: Sudanese perspectives from 35 years' experience of Islamic banking / Ahmad Elhassab, Umar Elhassab -- The evolution of the independent sharia panel in Osun State, South-West Nigeria / Abdul-Fatah Kola -- Makinde "Education is Education": contemporary Muslim views on Muslim women's education in northern Nigeria / Chikas Danfulani -- 'We Introduced sharia'-the Izala Movement in Nigeria as initiator of sharia-reimplementation in the north of the country: Some Reflections / Ramzi Ben Amara -- Debates on kadhi's courts and Christian-Muslim relations in Isiolo Town: thematic issues and emergent trends / Halkano Abdi Wario -- "Necessity removes restrictions": Swahili Muslim women's perspectives on their participation in the public sphere / Esha Faki Mwinyihaji -- Women's views on the role of kadhi's courts: a case study of Kendu Bay, Kenya / Rebecca Osiro -- Demand for the re-Introduction of kadhi's courts on the Tanzanian mainland: a religious, social and political analysis / William Andrew Kopwe -- "Chaos will never have a chance": sharia debates and tolerance in a rrovincial Tanzanian town / Bernardin Mfumbusa. |
| 520 8# - SUMMARY, ETC. | |
| Summary, etc | Sharia in Africa Today. Reactions and Responses' explores how Islamic law has influenced relations between Muslims and Christians, through a series of case studies by young African scholars working in Sudan, Nigeria, Kenya and Tanzania. |
| 650 #0 - SUBJECT ADDED ENTRY--TOPICAL TERM | |
| Topical term or geographic name as entry element | Islamic law |
| Geographic subdivision | Africa. |
| 650 #0 - SUBJECT ADDED ENTRY--TOPICAL TERM | |
| Topical term or geographic name as entry element | Islamic courts |
| Geographic subdivision | Africa. |
| 650 #7 - SUBJECT ADDED ENTRY--TOPICAL TERM | |
| Topical term or geographic name as entry element | Islamic courts. |
| Source of heading or term | fast |
| 650 #7 - SUBJECT ADDED ENTRY--TOPICAL TERM | |
| Topical term or geographic name as entry element | Islamic law. |
| Source of heading or term | fast |
| 651 #7 - SUBJECT ADDED ENTRY--GEOGRAPHIC NAME | |
| Geographic name | Africa. |
| Source of heading or term | fast |
| 700 1# - ADDED ENTRY--PERSONAL NAME | |
| Personal name | Chesworth, John. |
| Relator code | edt |
| 700 1# - ADDED ENTRY--PERSONAL NAME | |
| Personal name | Kogelmann, Franz. |
| Relator code | edt |
| 830 #0 - SERIES ADDED ENTRY--UNIFORM TITLE | |
| Uniform title | Islam in Africa ; |
| Volume number/sequential designation | 15. |
| 942 ## - ADDED ENTRY ELEMENTS (KOHA) | |
| Source of classification or shelving scheme | Library of Congress Classification |
| Koha item type | Books |
| Home library | Current library | Date acquired | Full call number | Barcode | Koha item type |
|---|---|---|---|---|---|
| African Court on Human and Peoples' Rights Library | African Court on Human and Peoples' Rights Library | 22/03/2022 | KBP64 .S43 2014 | 10195343 | Books |
